| 000 | 01452 a2200241 4500 | ||
|---|---|---|---|
| 020 | _a0201106485 | ||
| 020 | _a9780201106480 | ||
| 082 | 0 | 4 | _a658.15 |
| 090 |
_c2503 _d2503 |
||
| 100 | 1 | _aCopeland, Thomas E. | |
| 245 | 1 | 0 |
_aFinancial theory and corporate policy / _cThomas E. Copeland. |
| 250 | _a3nd ed. | ||
| 260 |
_a[S.l.] : _bAddison Wesley, _c1988. |
||
| 300 |
_a946 p. ; _c25 cm. |
||
| 490 | 1 | _a3rd edition. | |
| 500 | _aHardcover. | ||
| 520 | _aA recognized classic, Financial Theory and Corporate Policy provides a concise, unified treatment of finance, combining theory, empirical evidence, and applications. Major contributions in financial literature are discussed and summarized. The book provides MBA and doctoral students with an excellent bridge to prevailing scholarship in finance. Two chapters discuss futures markets and financial applications for the corporate financial officer. The fundamentals of discounting, management of cash flows, capital budgeting, utility theory, and other relevant topics are integrated into the modern theory of finance. A Student Solutions Manual giving answers to end-of-chapter problems is also available. | ||
| 700 | 1 | _aWeston, J. Fred. | |
| 830 | 0 | _a3rd edition. | |
| 856 | 4 | 0 |
_3Amazon.com _uhttp://www.amazon.com/exec/obidos/ASIN/0201106485/chopaconline-20 |
| 856 | 4 | 0 |
_3Amazon customer reviews _uhttp://www.chopac.org/cgi-bin/tools/azrev.pl?q=0201106485 |
| 942 |
_aNBS _cBK _k658.15 COP |
||
| 999 |
_c344999 _d344999 |
||